Tipología constructiva y teoría social /
Guardat en:
| Autor principal: | |
|---|---|
| Format: | Text |
| Idioma: | Spanish |
| Publicat: |
New York:
Amorrortu
|
| Etiquetes: |
Afegir etiqueta
Sense etiquetes, Sigues el primer a etiquetar aquest registre!
|
MARC
| LEADER | 00000 a a2200000 04500 | ||
|---|---|---|---|
| 001 | 33811 | ||
| 003 | cru CIDCACS/IIS | ||
| 005 | 20231211135020.0 | ||
| 008 | 170511b xxu||||| |||| 00| 0 spa d | ||
| 040 | |c cru CIDCACS/IIS |a cru CIDCACS/IIS | ||
| 090 | |a CS05.01.01 M113t | ||
| 100 | |a MacKinney, John C. | ||
| 245 | |a Tipología constructiva y teoría social / |c John C. MacKinney | ||
| 260 | |a New York: |b Amorrortu | ||
| 300 | |a 242 páginas | ||
| 942 | |2 z |c LI |h CS05.01.01 M113t |i 01081 |6 CS050101_M113T_01081 | ||
| 999 | |c 12236 |d 12236 | ||
